[Event "Biel Chess Festival 2024 - Amateur tournament"]
[Site "Biel/Bienne"]
[Date "2024.07.20"]
[Round "5"]
[Board "42"]
[White "Zarriess, Benjamin"]
[Black "Fernandez Van Raap, Marcela"]
[Result "1-0"]
[WhiteElo "1767"]
[BlackElo "1613"]
[PlyCount "0"]
[EventDate "2024.07.16"]
[EventRounds "9"]
[EventCountry "SUI"]

1. e4 c6 2. d4 d5 3. exd5 cxd5 4. Nf3 Nc6 5. Ne5 Nf6 6. Bb5 Bd7 7. Nxd7 Qxd7 8. c3
Qe6+ 9. Be2 g6 10. O-O Bg7 11. Re1 O-O 12. Bd3 Qd6 13. Nd2 e5 14. dxe5 Nxe5 15. Nf3
Nxd3 16. Qxd3 Rfe8 17. Be3 a6 18. Bd4 b5 19. Rad1 Rad8 20. Rxe8+ Rxe8 21. Bxf6 Qxf6
22. Qxd5 Re2 23. Qd8+ Qxd8 24. Rxd8+ Bf8 25. Rd2 Re6 26. Kf1 Be7 27. Re2 Rxe2 28.
Kxe2 Bc5 29. Nd4 Kf8 30. Kd3 Ke8 31. b3 Kd7 32. f3 f5 33. a4 bxa4 34. bxa4 Kd6 35.
Kc4 Ba3 36. a5 h6 37. Nc2 Bc5 38. Nb4 Bxb4 39. cxb4 Kc6 40. f4 g5 41. g3 g4 42. Kd4
Kd6 43. b5 axb5 44. a6 Kc7 45. Kc5 b4 46. Kxb4 Kb6 47. Kc4  1-0

[Event "Biel Chess Festival 2024 - Amateur tournament"]
[Site "Biel/Bienne"]
[Date "2024.07.22"]
[Round "6"]
[Board "2"]
[White "Meshach, Felix"]
[Black "Oestmann, Lukas"]
[Result "1-0"]
[WhiteElo "1773"]
[BlackElo "1926"]
[PlyCount "0"]
[EventDate "2024.07.16"]
[EventRounds "9"]
[EventCountry "SUI"]

1. e4 c5 2. Nc3 Nc6 3. f4 e6 4. Nf3 d5 5. Bb5 Ne7 6. exd5 Nxd5 7. Bxc6+ bxc6 8. d3
Bd6 9. Ne5 Bxe5 10. fxe5 Qh4+ 11. g3 Qd4 12. Nxd5 Qxd5 13. O-O Qxe5 14. Qf3 O-O 15.
Be3 Ba6 16. b3 c4 17. dxc4 c5 18. Rad1 Qc7 19. Qe2 Bb7 20. Kf2 Rad8 21. Bg5 Rde8
22. Ke1 f6 23. Bd2 e5 24. Qg4 Bc8 25. Qf3 f5 26. Bc3 f4 27. Qd5+ Kh8 28. Qd6 Qb7
29. Rd5 Bh3 30. Rf2 Rf6 31. Qxc5 Rc8 32. Qa5 h6 33. Bxe5 Ra6 34. Qd2 Rxa2 35. Rd8+
Rxd8 36. Qxd8+ Kh7 37. Qd3+ Kh8 38. Rxf4 Qe7 39. Kd2 Be6 40. Bd6 Qg5 41. Kc3 Qa5+
42. Kd4 Ra1 43. Rf8+ Bg8 44. b4 Qh5 45. Rf1 Bh7 46. Qf3 Qxf3 47. Rxf3 Bxc2 48. c5
Ba4 49. Rf7 Rd1+ 50. Kc3 a6 51. Be5 Re1 52. Bxg7+ Kh7 53. Bd4+ Kg6 54. Rf6+ Kg5 55.
Rxa6 Rc1+ 56. Kb2 Rc2+ 57. Kb1 Bb5 58. Be3+ Kg4 59. Kxc2 Bxa6 60. Bxh6 Kh3 61. Kc3
Kxh2 62. Bf4 Kh3 63. Kd4 Kg4 64. Kd5  1-0

[Event "Biel Chess Festival 2024 - Amateur tournament"]
[Site "Biel/Bienne"]
[Date "2024.07.22"]
[Round "6"]
[Board "4"]
[White "Boillat, Maxime"]
[Black "Wiesmann, Dominique"]
[Result "1/2-1/2"]
[WhiteElo "1768"]
[BlackElo "1963"]
[PlyCount "0"]
[EventDate "2024.07.16"]
[EventRounds "9"]
[EventCountry "SUI"]

1. e4 d6 2. d4 Nf6 3. Nc3 c6 4. g3 Nbd7 5. Bg2 e5 6. Nge2 g6 7. O-O Bg7 8. h3 O-O
9. Be3 Re8 10. f4 Nf8 11. Qd2 Qc7 12. g4 Ne6 13. f5 Nxd4 14. Nxd4 exd4 15. Bxd4 Nd7
 1/2-1/2

[Event "Biel Chess Festival 2024 - Amateur tournament"]
[Site "Biel/Bienne"]
[Date "2024.07.22"]
[Round "6"]
[Board "9"]
[White "Wenger, Arejou"]
[Black "Conrad, Vincent"]
[Result "1-0"]
[WhiteElo "1875"]
[BlackElo "1931"]
[PlyCount "0"]
[EventDate "2024.07.16"]
[EventRounds "9"]
[EventCountry "SUI"]

1. e4 e6 2. d4 d5 3. Nd2 Nc6 4. Bb5 Nf6 5. e5 Nd7 6. c3 Ncb8 7. Ne2 a6 8. Bd3 c5
9. O-O Nc6 10. f4 g6 11. Nf3 Bg7 12. Qe1 cxd4 13. Nexd4 Nc5 14. Bc2 Ne7 15. Be3 Nd7
16. Ng5 Nf8 17. g4 h6 18. f5 Bxe5 19. Nxf7 Kxf7 20. fxe6+ Ke8 21. Ba4+ b5 22. Nxb5
axb5 23. Bxb5+ Bd7 24. exd7+ Nxd7 25. Bc5 Qc7 26. Qf2 Nf5 27. gxf5 gxf5 28. Rae1
Rg8+ 29. Kh1 Kd8 30. Bxd7 Kxd7 31. Qxf5+ Kc6 32. Rxe5 Kxc5 33. Rxd5+ Kb6 34. Qe6+
Qc6 35. Rf6 Rgc8 36. Qxc6+ Rxc6 37. Rdd6 Rxd6 38. Rxd6+ Kc5 39. Rxh6 Rxa2 40. Rh5+
Kc4 41. Rh4+ Kb3 42. Rb4+ Kc2 43. h4 Ra5 44. Kg2  1-0

[Event "Biel Chess Festival 2024 - Amateur tournament"]
[Site "Biel/Bienne"]
[Date "2024.07.22"]
[Round "6"]
[Board "10"]
[White "Haas, Anthony"]
[Black "Ribera Caro, Joan"]
[Result "1/2-1/2"]
[WhiteElo "1824"]
[BlackElo "1923"]
[PlyCount "0"]
[EventDate "2024.07.16"]
[EventRounds "9"]
[EventCountry "SUI"]

1. d4 Nf6 2. c4 e6 3. g3 d5 4. Bg2 Bb4+ 5. Nd2 O-O 6. Nf3 dxc4 7. O-O b5 8. a4 c6
9. b3 cxb3 10. Qxb3 a5 11. Rd1 Nd5 12. Bb2 Qe7 13. Ne5 Rd8 14. Rac1 Bb7 15. Nb1 Nb6
16. axb5 cxb5 17. Bxb7 Qxb7 18. Ba3 Bxa3 19. Nxa3 b4 20. Nb5 Nd5 21. Qc4 h6 22. e4
Nf6 23. f3 Qe7 24. Qe2 Nfd7 25. Rc7 f6 26. Nxd7 Nxd7 27. Rdc1 Rdb8 28. Na7 Qd6 29.
Nb5 Qe7 30. Na7 Qe8 31. Nc6 Rb6 32. Nxa5 b3 33. Qb2 Kh7 34. Nxb3 Rab8 35. R7c3 Qe7
36. Qc2 Qb4 37. Qd3 Qa4 38. Nc5 Nxc5 39. Rxc5 Rb4 40. R5c4 Rxc4 41. Qxc4 Qxc4 42.
Rxc4 Rb1+ 43. Kf2 Rb2+ 44. Ke3 Rb3+ 45. Ke2 Kg6 46. Rc6 Kf7 47. Rc7+ Kf8 48. Rc8+
Ke7 49. Rc7+ Kf8 50. Rc8+ Ke7 51. Rc7+  1/2-1/2

[Event "Biel Chess Festival 2024 - Amateur tournament"]
[Site "Biel/Bienne"]
[Date "2024.07.22"]
[Round "6"]
[Board "13"]
[White "Kalbermatter, Philipp"]
[Black "Kim, Yejun"]
[Result "0-1"]
[WhiteElo "1912"]
[BlackElo "1711"]
[PlyCount "0"]
[EventDate "2024.07.16"]
[EventRounds "9"]
[EventCountry "SUI"]

1. e4 c5 2. Nf3 Nc6 3. d4 cxd4 4. Nxd4 e5 5. Nb5 d6 6. N1c3 a6 7. Na3 b5 8. Nd5 Nge7
9. c4 Nd4 10. Nc2 Nxd5 11. cxd5 Bg4 12. Qd3 Nxc2+ 13. Qxc2 Rc8 14. Qb3 Be7 15. Be3
Bg5 16. Bxg5 Qxg5 17. f3 Rc1+ 18. Rxc1 Qxc1+ 19. Kf2 Bd7 20. Rg1 Qd2+ 21. Be2 Qd4+
22. Qe3 Qxb2 23. Qb6 Ke7 24. f4 exf4 25. e5 Qxe5 26. Re1 Qe3+ 27. Qxe3+ fxe3+ 28.
Kxe3 Re8 29. Rc1 Kd8+ 30. Kd2 Re5 31. Bf3 g5 32. h3 f5 33. g4 fxg4 34. hxg4 h5 35.
gxh5 g4 36. Be2 Rxd5+ 37. Ke3 Rxh5 38. Kf4 Rh2  0-1

[Event "Biel Chess Festival 2024 - Amateur tournament"]
[Site "Biel/Bienne"]
[Date "2024.07.22"]
[Round "6"]
[Board "15"]
[White "Bangerter, Daria"]
[Black "Pantillon, Patrick Andre"]
[Result "0-1"]
[WhiteElo "1931"]
[BlackElo "1782"]
[PlyCount "0"]
[EventDate "2024.07.16"]
[EventRounds "9"]
[EventCountry "SUI"]

1. e4 Nf6 2. e5 Nd5 3. d4 d6 4. c4 Nb6 5. f4 dxe5 6. fxe5 Nc6 7. Be3 Bf5 8. Nc3 e6
9. Be2 Bb4 10. Nf3 O-O 11. O-O Na5 12. c5 Nbc4 13. Bg5 Qd7 14. Na4 h6 15. Bc1 b5
16. a3 Bxa3 17. bxa3 bxa4 18. Bf4 Nb2 19. Qd2 Nb3 20. Qxb2 Nxa1 21. Rxa1 Rab8 22.
Qd2 Rb3 23. Bc4 Rfb8 24. Bxb3 axb3 25. Qb2 c6 26. Bd2 Qd5 27. Rc1 Be4 28. Ne1 Rd8
29. Bc3 Rd7 30. Qe2 f6 31. exf6 gxf6 32. Bb2 Rg7 33. Rd1 f5 34. Kh1 h5 35. Rd2 h4
36. h3 Rg3 37. Kg1 f4 38. Kh2 Qf5 39. Kg1 Bd5 40. Kf1 Bxg2+ 41. Nxg2 f3 42. Qe1 fxg2+
43. Kg1 Qxh3 44. Rd1 Rf3 45. Qxe6+ Qxe6  0-1

[Event "Biel Chess Festival 2024 - Amateur tournament"]
[Site "Biel/Bienne"]
[Date "2024.07.22"]
[Round "6"]
[Board "25"]
[White "Galopin, Clement"]
[Black "Rossi, Jonas"]
[Result "1/2-1/2"]
[WhiteElo "1816"]
[BlackElo "1760"]
[PlyCount "0"]
[EventDate "2024.07.16"]
[EventRounds "9"]
[EventCountry "SUI"]

1. e4 e6 2. d4 d5 3. Nc3 Nf6 4. Bg5 Bb4 5. e5 h6 6. Bd2 Bxc3 7. bxc3 Ne4 8. Be3 c5
9. Qg4 g6 10. Bd3 Nxc3 11. h4 Nc6 12. Nf3 cxd4 13. Bxd4 Nxd4 14. Nxd4 Qc7 15. Qf4
a6 16. Rh3 Rf8 17. Re3 h5 18. Kf1 b6 19. a4 Rg8 20. Rf3 Ne4 21. c4 Nc5 22. cxd5 Nxd3
23. Rxd3 Qc4 24. Qd2 exd5 25. Rc1 Qxa4 26. Rdc3 Bd7 27. Qe3  1/2-1/2

[Event "Biel Chess Festival 2024 - Amateur tournament"]
[Site "Biel/Bienne"]
[Date "2024.07.22"]
[Round "6"]
[Board "29"]
[White "Linder, Ernst"]
[Black "Jaggy, Enzo"]
[Result "0-1"]
[WhiteElo "1765"]
[BlackElo "1835"]
[PlyCount "0"]
[EventDate "2024.07.16"]
[EventRounds "9"]
[EventCountry "SUI"]

1. d4 d5 2. Nf3 Nf6 3. c4 c6 4. Nc3 dxc4 5. e3 b5 6. a4 b4 7. Na2 a5 8. Bxc4 Ba6
9. Qb3 e6 10. Bd2 c5 11. O-O cxd4 12. exd4 Bxc4 13. Qxc4 Qd5 14. Qc8+ Qd8 15. Qxd8+
Kxd8 16. Ne5 Ke8 17. Rac1 Nbd7 18. Rc6 Be7 19. Rfc1 Bd8 20. Rc8 Rxc8 21. Rxc8 Nxe5
22. dxe5 Nd5 23. Nc1 Nb6 24. Rb8 Nxa4 25. b3 Nc5 26. Rc8 Ne4 27. Be3 Kd7 28. Ra8
Kc6 29. Nd3 Kb7 30. Ra7+ Kc6 31. Rxf7 Bb6 32. Bxb6 Kxb6 33. Re7 Rd8 34. Rxe6+ Kb5
35. f3 Rxd3 36. fxe4 Rxb3 37. Kf2 Rc3 38. Re7 Rc5 39. Kf3 Kc6 40. Kf4 b3 41. Re6+
Kb7 42. Rd6 b2 43. e6 b1=Q 44. Rd7+ Kc6 45. Rxg7 Qf1+ 46. Ke3 Qf6 47. e7 Re5 48.
Rxh7 Rxe7 49. Rxe7 Qxe7 50. g4 a4  0-1

[Event "Biel Chess Festival 2024 - Amateur tournament"]
[Site "Biel/Bienne"]
[Date "2024.07.22"]
[Round "6"]
[Board "32"]
[White "Lang, Jochen"]
[Black "Spaeti, Kurt"]
[Result "1-0"]
[WhiteElo "1755"]
[BlackElo "1804"]
[PlyCount "0"]
[EventDate "2024.07.16"]
[EventRounds "9"]
[EventCountry "SUI"]

1. d4 Nf6 2. Bf4 d5 3. Nf3 e6 4. e3 Bd6 5. c3 O-O 6. Nbd2 c5 7. Bd3 Nc6 8. Ne5 Qc7
9. Ndf3 Ne4 10. Bg3 Nxg3 11. hxg3 f5 12. Ng5 Nxe5 13. dxe5 Bxe5 14. Rxh7 Rf6 15.
Qh5  1-0

[Event "Biel Chess Festival 2024 - Amateur tournament"]
[Site "Biel/Bienne"]
[Date "2024.07.22"]
[Round "6"]
[Board "35"]
[White "Panda, Gyorgy"]
[Black "Ehrsam, Andreas"]
[Result "1-0"]
[WhiteElo "1713"]
[BlackElo "1793"]
[PlyCount "0"]
[EventDate "2024.07.16"]
[EventRounds "9"]
[EventCountry "SUI"]

1. d4 d5 2. c4 e6 3. Nc3 Nf6 4. Nf3 Be7 5. Bf4 c6 6. e3 O-O 7. Bd3 Nbd7 8. e4 dxe4
9. Nxe4 Nxe4 10. Bxe4 Bb4+ 11. Bd2 Bxd2+ 12. Qxd2 Nf6 13. Bc2 b6 14. O-O Qc7 15.
Rfd1 Bb7 16. Qg5 h6 17. Qe3 Rfd8 18. h3 Rac8 19. Rac1 Qe7 20. Bb3 Re8 21. Ba4 Qb4
22. Bb3 c5 23. a3 cxd4 24. Nxd4 Qc5 25. Bc2 Rcd8 26. b4 Qc7 27. Bd3 Qb8 28. c5 e5
29. Nf5 bxc5 30. bxc5 Bc6 31. Qg3 g6 32. Nxh6+ Kg7 33. Nf5+ Kf8 34. Nd6 Nh5 35. Qg5
Nf4 36. Qf6 Qc7 37. Nxe8 Rxe8 38. Bc4 Nxg2 39. Rd6 Rc8 40. Rcd1 Nf4 41. Rd8+ Be8
42. R1d7 Rxd8 43. Qh8#  1-0

[Event "Biel Chess Festival 2024 - Amateur tournament"]
[Site "Biel/Bienne"]
[Date "2024.07.22"]
[Round "6"]
[Board "36"]
[White "Lachausse, Bruno"]
[Black "Settegrana, Miro"]
[Result "1/2-1/2"]
[WhiteElo "1787"]
[BlackElo "1532"]
[PlyCount "0"]
[EventDate "2024.07.16"]
[EventRounds "9"]
[EventCountry "SUI"]

1. e4 c6 2. d4 d5 3. exd5 cxd5 4. c4 Nf6 5. Nc3 g6 6. Bd3 Bg7 7. Nge2 O-O 8. O-O
Nc6 9. Be3 Nb4 10. Bb1 dxc4 11. Qa4 Nbd5 12. Qxc4 Nxe3 13. fxe3 Qb6 14. Na4 Qe6 15.
Qd3 Ng4 16. e4 b6 17. h3 Nf6 18. Bc2 Bb7 19. Nac3 Rac8 20. Rad1 Rfd8 21. Bb3 Qd7
22. Nf4 e6 23. Qe3 Bh6 24. g4 Ne8 25. Qe2 Qc7 26. Qf2 Bxf4 27. Qxf4 Qxf4 28. Rxf4
Nd6 29. Rdf1 Rc7 30. d5 e5 31. R4f2 Ba6 32. Rd1 Kg7 33. Kg2 b5 34. Kf3 Rdc8 35. a3
Rb8 36. Na2 Bb7 37. Rdd2 a5 38. a4 b4 39. Rc2 Rbc8 40. Nc1 Ba6 41. Ke3 Rxc2 42. Rxc2
Rxc2 43. Bxc2 Bf1 44. h4 Bc4 45. b3 Bf1 46. Bd3 Bh3 47. Be2 Bg2 48. Bf3 Bf1 49. g5
h6 50. Kf2 Ba6 51. Be2 Bxe2 52. Kxe2 hxg5 53. hxg5 Nxe4 54. Ke3 Nxg5 55. Nd3 f6 56.
Nc5 Nf7 57. Nb7 Kf8 58. Nxa5 Nd6 59. Nc6 Ke8 60. Nxb4 Kd7 61. Nd3 Nf5+ 62. Ke4 Kd6
63. b4 Ne7 64. a5 Nxd5 65. a6 Nc3+ 66. Ke3 Kc6 67. Nc5 Nb5 68. Ke4 Nd6+ 69. Ke3 Nc8
70. Ke4 Kb5 71. Nd7  1/2-1/2

[Event "Biel Chess Festival 2024 - Amateur tournament"]
[Site "Biel/Bienne"]
[Date "2024.07.22"]
[Round "6"]
[Board "40"]
[White "Richard, Jean-Paul"]
[Black "Materia, Mario"]
[Result "1-0"]
[WhiteElo "1796"]
[BlackElo "1590"]
[PlyCount "0"]
[EventDate "2024.07.16"]
[EventRounds "9"]
[EventCountry "SUI"]

1. e4 e5 2. Nf3 Nc6 3. Nc3 Nf6 4. a3 Be7 5. d4 exd4 6. Nxd4 Nxd4 7. Qxd4 d6 8. Bg5
O-O 9. O-O-O h6 10. Be3 Ng4 11. Nd5 Nxe3 12. Nxe7+ Qxe7 13. Qxe3 Re8 14. f3 Kh8 15.
Qc3 b6 16. Bb5 Bd7 17. Bxd7 Qxd7 18. Rd5 c6 19. Rd3 Rad8 20. Rhd1 Qc7 21. Qd2 Re6
22. g4 Kg8 23. Kb1 Kf8 24. h4 f6 25. h5 Ke7 26. Qf4 Re5 27. Qd2 d5 28. c4 Qb7 29.
cxd5 cxd5 30. Rxd5 Rdxd5 31. exd5 a5 32. f4 Re4 33. Qg2 Kd6 34. Qxe4 Kc5 35. Rc1+
Kb5 36. Qc4#  1-0

[Event "Biel Chess Festival 2024 - Amateur tournament"]
[Site "Biel/Bienne"]
[Date "2024.07.22"]
[Round "6"]
[Board "41"]
[White "Loeffler, Helmut"]
[Black "Wolffs, Walter"]
[Result "0-1"]
[WhiteElo "1745"]
[BlackElo "1554"]
[PlyCount "0"]
[EventDate "2024.07.16"]
[EventRounds "9"]
[EventCountry "SUI"]

1. d4 Nf6 2. Nf3 d5 3. e3 e6 4. Bd3 c5 5. c3 Bd7 6. Nbd2 Nc6 7. O-O Qc7 8. Re1 cxd4
9. exd4 Bd6 10. h3 Bf4 11. Qe2 O-O 12. Ne5 Nxe5 13. dxe5 Ne8 14. Nf3 Bxc1 15. Raxc1
f6 16. c4 Rc8 17. b3 Qc5 18. Qd2 a5 19. Rc2 d4 20. Re4 Bc6 21. Rh4 Bxf3 22. Bxh7+
Kf7 23. gxf3 Qxe5 24. Rxd4 Qg5+ 25. Qxg5 fxg5 26. Rd7+ Kf6 27. Kh2 g6 28. Rcd2 Rc7
29. Rxc7 Nxc7 30. Rd7 Rf7 31. Rd6 Rxh7 32. Ra6  0-1

[Event "Biel Chess Festival 2024 - Amateur tournament"]
[Site "Biel/Bienne"]
[Date "2024.07.22"]
[Round "6"]
[Board "46"]
[White "Kim, Rian B"]
[Black "Bachmann, Daniel"]
[Result "0-1"]
[WhiteElo "1592"]
[BlackElo "1713"]
[PlyCount "0"]
[EventDate "2024.07.16"]
[EventRounds "9"]
[EventCountry "SUI"]

1. e4 e6 2. d4 d5 3. Nc3 Nf6 4. e5 Nfd7 5. f4 c5 6. Nf3 Nc6 7. Be3 cxd4 8. Nxd4 Qb6
9. Qd2 Qxb2 10. Rb1 Qa3 11. Rb3 Qe7 12. Ncb5 Qd8 13. Nxc6 bxc6 14. Nxa7 Qc7 15. Qc3
Rxa7 16. Bxa7 Qxa7 17. Qxc6 Qc5 18. Qxc5 Bxc5 19. Bb5 Ke7 20. a4 Bb6 21. Bxd7 Ba5+
22. Ke2 Kxd7 23. Ke3 Ba6 24. Rhb1 Rc8 25. Rb8 Rxc2 26. Ra8 Bd2+ 27. Kd4 Rc6 28. Ra7+
Kc8 29. Ra8+ Kc7 30. Ra7+ Kc8 31. Ra8+ Kd7 32. Ra7+ Kd8 33. Rb8+ Rc8 34. Rxc8+ Bxc8
35. Rxf7 Bd7 36. Rxg7 Bxf4 37. a5 h6 38. a6 Bb5 39. a7 Bc6 40. a8=Q+ Bxa8 41. Rg8+
Ke7 42. Rxa8 Bxh2 43. Ke3 Bxe5 44. Ra7+ Kf6 45. Rh7 Kf5 46. Rxh6  0-1

[Event "Biel Chess Festival 2024 - Amateur tournament"]
[Site "Biel/Bienne"]
[Date "2024.07.22"]
[Round "6"]
[Board "50"]
[White "Ahn, Taehyun"]
[Black "Meise, Volker"]
[Result "0-1"]
[WhiteElo "1561"]
[BlackElo "1772"]
[PlyCount "0"]
[EventDate "2024.07.16"]
[EventRounds "9"]
[EventCountry "SUI"]

1. e4 c5 2. Nf3 d6 3. Bb5+ Bd7 4. Bxd7+ Qxd7 5. c4 Nf6 6. Nc3 g6 7. d4 cxd4 8. Nxd4
Bg7 9. h3 Nc6 10. Be3 O-O 11. O-O Ne5 12. Qe2 Rac8 13. b3 a6 14. f4 Nc6 15. Rad1
Qc7 16. Qd2 Qa5 17. f5 Qe5 18. Nf3 Qa5 19. Nd4 Rfe8 20. Rc1 Nxd4 21. Qxd4 Ng4 22.
Qd2 Nxe3 23. Qxe3 Bxc3 24. Qxc3 Qxc3 25. Rxc3 Rc5 26. b4 Re5 27. Rf4 Kg7 28. Rcf3
f6 29. g4 g5  0-1

[Event "Biel Chess Festival 2024 - Amateur tournament"]
[Site "Biel/Bienne"]
[Date "2024.07.22"]
[Round "6"]
[Board "51"]
[White "Klas, Friedrich Guenther"]
[Black "Hottinger, Ieremia"]
[Result "1-0"]
[WhiteElo "1750"]
[BlackElo "1523"]
[PlyCount "0"]
[EventDate "2024.07.16"]
[EventRounds "9"]
[EventCountry "SUI"]

1. e4 c5 2. Nc3 e6 3. f4 d6 4. Nf3 Nc6 5. a3 g6 6. Bc4 Bg7 7. Ne2 Nge7 8. c3 a6 9.
d3 b5 10. Ba2 Bd7 11. Be3 O-O 12. Ng5 h6 13. Nf3 Qc7 14. Qd2 Kh7 15. Rc1 Qb7 16.
Bb1 Rac8 17. Ng3 Na5 18. Bc2 c4 19. d4 d5 20. Qd1 Bc6 21. e5 Qd7 22. h4 h5 23. Nxh5
Nf5 24. Bxf5 exf5 25. Nxg7 Kxg7 26. Rc2 f6 27. g3 Nb3 28. Rg2 Rh8 29. exf6+ Kxf6
30. Ne5 Qe6 31. g4 Be8 32. gxf5 Qxf5 33. Rhg1 Rxh4 34. Nxg6 Bxg6 35. Rxg6+ Qxg6 36.
Rxg6+ Kxg6 37. Qf3 Re8 38. Qg3+ Kf5 39. Qg5+ Ke4 40. Qxh4 Kd3 41. Qh7+ Kxe3 42. Qd7
Re4 43. Qxd5 Kxf4+ 44. Kf2 Nd2 45. Qh5  1-0

[Event "Biel Chess Festival 2024 - Amateur tournament"]
[Site "Biel/Bienne"]
[Date "2024.07.22"]
[Round "6"]
[Board "52"]
[White "Speerli, Maria"]
[Black "Muehlemann, Walter"]
[Result "1-0"]
[WhiteElo "1540"]
[BlackElo "1677"]
[PlyCount "0"]
[EventDate "2024.07.16"]
[EventRounds "9"]
[EventCountry "SUI"]

1. d4 e5 2. dxe5 Nc6 3. Nf3 Qe7 4. Nc3 Nxe5 5. Nd5 Nxf3+ 6. gxf3 Qd8 7. Qd4 c6 8.
Qe5+ Be7 9. Nc7+ Kf8 10. Nxa8 d6 11. Qd4 c5 12. Qa4 a6 13. Qe4 Nf6 14. Qd3 Bd7 15.
Bf4 Ne8 16. O-O-O Qxa8 17. e4 Be6 18. Kb1 b5 19. c3 Qd8 20. Qc2 Qa5 21. c4 Qb4 22.
Bd2 Qa4 23. Qxa4 bxa4 24. Bc3 f6 25. Bd3 Kf7 26. Rhg1 g5 27. Rxg5 h6 28. Rgg1 Ng7
29. Be2 Re8 30. Bd2 h5 31. Bh6 Rg8 32. Bxg7 Rxg7 33. f4 Kf8 34. f5 Bf7 35. Kc2 a5
36. Rg3 h4 37. Rxg7  1-0

[Event "Biel Chess Festival 2024 - Amateur tournament"]
[Site "Biel/Bienne"]
[Date "2024.07.22"]
[Round "6"]
[Board "53"]
[White "Kim, Hyunwoo B"]
[Black "Meier, Herbert"]
[Result "1/2-1/2"]
[WhiteElo "1462"]
[BlackElo "1676"]
[PlyCount "0"]
[EventDate "2024.07.16"]
[EventRounds "9"]
[EventCountry "SUI"]

1. e4 e5 2. Nf3 Nf6 3. Nxe5 d6 4. Nf3 Nxe4 5. d3 Nf6 6. Nc3 Be7 7. Be2 O-O 8. O-O
Bg4 9. h3 Bh5 10. Bf4 Nbd7 11. Re1 Re8 12. Qd2 c6 13. d4 d5 14. Rad1 Bg6 15. Bd3
Bxd3 16. Qxd3 Nf8 17. Bg5 Ng6 18. Ne5 Bd6 19. Nxg6 Rxe1+ 20. Rxe1 hxg6 21. Re3 Qd7
22. Bxf6 gxf6 23. Qe2 Kg7 24. g4 Kf8 25. a3 Re8 26. Rxe8+ Qxe8 27. Qxe8+ Kxe8 28.
Kg2 g5  1/2-1/2

[Event "Biel Chess Festival 2024 - Amateur tournament"]
[Site "Biel/Bienne"]
[Date "2024.07.22"]
[Round "6"]
[Board "55"]
[White "Fernandez Van Raap, Marcela"]
[Black "Lee, Jinwoo A"]
[Result "1-0"]
[WhiteElo "1613"]
[BlackElo "1515"]
[PlyCount "0"]
[EventDate "2024.07.16"]
[EventRounds "9"]
[EventCountry "SUI"]

1. e4 c6 2. Nf3 d5 3. d3 dxe4 4. Ng5 Nf6 5. Nc3 exd3 6. Bxd3 g6 7. Nxf7 Kxf7 8. Bxg6+
hxg6 9. Qxd8 Bg7 10. Qd1 Be6 11. h3 Nbd7 12. Qe2 Rh5 13. Be3 Nd5 14. Nxd5 Rxd5 15.
c3 Ne5 16. O-O Nd7 17. Rfe1 Nf6 18. Bd4 Rd6 19. Bc5 Rad8 20. Bxd6 Rxd6 21. Rad1 Nd5
22. c4 Nc7 23. Rxd6 exd6 24. b3  1-0

[Event "Biel Chess Festival 2024 - Amateur tournament"]
[Site "Biel/Bienne"]
[Date "2024.07.22"]
[Round "6"]
[Board "56"]
[White "Trachsel, Peter"]
[Black "Gertsch, Heinz"]
[Result "0-1"]
[WhiteElo "1782"]
[BlackElo "1582"]
[PlyCount "0"]
[EventDate "2024.07.16"]
[EventRounds "9"]
[EventCountry "SUI"]

1. c4 c5 2. Nc3 Nc6 3. Nf3 h6 4. g3 Nf6 5. Bg2 e5 6. e3 d6 7. O-O e4 8. Ne1 Ne5 9.
b3 Bg4 10. Qc2 Nf3+ 11. Nxf3 exf3 12. Bh1 Qe7 13. Bb2 Rd8 14. d4 b6 15. d5 Bh5 16.
Qd1 Ne4 17. Nb1 Ng5 18. Re1 Nh3+ 19. Kf1 Ng5 20. e4 Qd7 21. Re3 Qh3+ 22. Ke1 Qxh2
 0-1

[Event "Biel Chess Festival 2024 - Amateur tournament"]
[Site "Biel/Bienne"]
[Date "2024.07.23"]
[Round "7"]
[Board "4"]
[White "Wiesmann, Dominique"]
[Black "Titov, Dmitrii"]
[Result "1/2-1/2"]
[WhiteElo "1963"]
[BlackElo "1899"]
[PlyCount "0"]
[EventDate "2024.07.16"]
[EventRounds "9"]
[EventCountry "SUI"]

1. Nf3 Nf6 2. e3 e6 3. d4 c5 4. Bd3 d5 5. b3 b6 6. O-O Ba6 7. Bxa6 Nxa6 8. Qe2 Nb8
9. Na3 Be7 10. c4 O-O 11. Rd1 Qc8 12. Bb2 Nbd7 13. cxd5 Nxd5 14. Nc4 Qb7 15. Nce5
Nxe5 16. Nxe5 cxd4 17. Bxd4 f6 18. Nf3 Rfc8 19. Rac1 Ba3 20. Bb2 Bxb2 21. Qxb2 Rxc1
22. Rxc1 Rc8 23. Nd4 e5 24. Nf5 g6 25. Rxc8+ Qxc8 26. Qd2 Qxf5 27. Qxd5+ Kg7 28.
e4 Qc8 29. Qd2 Qc7 30. g3  1/2-1/2

[Event "Biel Chess Festival 2024 - Amateur tournament"]
[Site "Biel/Bienne"]
[Date "2024.07.23"]
[Round "7"]
[Board "15"]
[White "Pantillon, Patrick Andre"]
[Black "Dreke, Frank"]
[Result "1-0"]
[WhiteElo "1782"]
[BlackElo "1915"]
[PlyCount "0"]
[EventDate "2024.07.16"]
[EventRounds "9"]
[EventCountry "SUI"]

1. Nc3 d5 2. e4 Nf6 3. e5 Nfd7 4. f4 e6 5. Nf3 Be7 6. d4 c5 7. Be3 O-O 8. Bd3 c4
9. Bxh7+ Kxh7 10. Ng5+ Bxg5 11. fxg5 Nc6 12. Qh5+ Kg8 13. O-O Ne7 14. Rf3 g6 15.
Qh6 Nf5 16. Rxf5 gxf5 17. Rf1 Re8 18. Rxf5 exf5 19. Nxd5 Re6 20. Nf6+ Nxf6 21. gxf6
Qf8 22. Qg5+ Kh7 23. Qh5+ Kg8 24. Bh6 Rxe5 25. Bxf8  1-0

[Event "Biel Chess Festival 2024 - Amateur tournament"]
[Site "Biel/Bienne"]
[Date "2024.07.23"]
[Round "7"]
[Board "29"]
[White "Bachmann, Daniel"]
[Black "Buntschu, Kurt"]
[Result "1-0"]
[WhiteElo "1713"]
[BlackElo "1868"]
[PlyCount "0"]
[EventDate "2024.07.16"]
[EventRounds "9"]
[EventCountry "SUI"]

1. e4 c5 2. c3 d5 3. exd5 Qxd5 4. d4 Nf6 5. Nf3 Bg4 6. dxc5 Qxd1+ 7. Kxd1 e6 8. b4
g6 9. Nd2 Bg7 10. Bb2 O-O 11. Kc2 Bxf3 12. gxf3 Nc6 13. Nc4 Rfd8 14. b5 Ne7 15. Nd6
Rab8 16. c4 Nc8 17. Rd1 Nxd6 18. cxd6 b6 19. Rd3 Rbc8 20. Kb3 Nd7 21. Ba3 Nc5+ 22.
Bxc5 Rxc5 23. Bg2 Be5 24. d7 Kf8 25. h3 Ke7 26. Rhd1 Bc7 27. a4 Rg5 28. Bh1 Re5 29.
f4 Rc5 30. Kb4 Bxf4 31. a5 Bc7 32. axb6 Bxb6 33. Bc6 Rf5 34. R1d2 Bxf2 35. Ra2 Bb6
36. Rc3 Rf4 37. Rca3 Kd6 38. Rxa7 Bc5+ 39. Kb3 Bxa7 40. Rxa7 Rf1 41. Kb4 Rb1+ 42.
Kc3 Kc5 43. Kc2 Rb4 44. Rc7 Kd6 45. Rc8 Ke7 46. Kc3 Rb1 47. c5 Rc1+ 48. Kb4 Rxd7
49. Bxd7 Kxd7 50. Rc6 Rb1+ 51. Ka5 e5 52. Rd6+ Kc8 53. Rf6 e4 54. Rxf7 e3 55. Re7
Rb3 56. Kb6 Kd8 57. Re4 g5 58. c6 e2 59. Rxe2 Rc3 60. Kb7 h5 61. b6 g4 62. c7+ Kd7
63. c8=Q+ Rxc8 64. Rd2+ Ke7 65. Kxc8  1-0

[Event "Biel Chess Festival 2024 - Amateur tournament"]
[Site "Biel/Bienne"]
[Date "2024.07.23"]
[Round "7"]
[Board "32"]
[White "Moon, Sunwoong"]
[Black "Richard, Jean-Paul"]
[Result "0-1"]
[WhiteElo "1631"]
[BlackElo "1796"]
[PlyCount "0"]
[EventDate "2024.07.16"]
[EventRounds "9"]
[EventCountry "SUI"]

1. d4 Nf6 2. Bf4 c6 3. e3 Qb6 4. Qc1 Nh5 5. Bxb8 Rxb8 6. Nf3 d5 7. c4 e6 8. Nc3 Nf6
9. Bd3 Bb4 10. O-O O-O 11. Ne5 a6 12. a3 Be7 13. c5 Qc7 14. Na4 Nd7 15. Nxd7 Bxd7
16. Nb6 Be8 17. Qc2 f5 18. f4 g5 19. g3 Kg7 20. b4 Bh5 21. Be2 Bxe2 22. Qxe2 g4 23.
a4 h5 24. b5 axb5 25. axb5 h4 26. Kg2 Rh8 27. Rh1 hxg3 28. hxg3 Bf6 29. Ra7 Rxh1
30. Kxh1 Rh8+ 31. Kg2 Kg6 32. Kg1 Rh3 33. Qf2 cxb5 34. Ra5 Qc6 35. Kg2 Bd8 36. Qb2
Bxb6 37. cxb6 Qe8 38. Qf2 Qc8 39. Ra1 Qc3 40. Rb1 Qd3 41. Rc1 Qe4+  0-1